Statistics for Star Wars Characters

Click here to take the quiz!

General Stats

  • This quiz has been taken 7 times
  • The average score is 12 of 15

Answer Stats

ClueCharacter% Correct
Gold Protocol Droid.C-3PO
100%
Wookie who accompanies previous.Chewbacca
100%
Owner of the Millennium Falcon.Han Solo
100%
The Force Awakens' primary antagonist.Kylo Ren
100%
The missing Jedi.Luke Skywalker
100%
Scavenger from Jakku.Rey
100%
Droid that needs to return to the Resistance base.BB-8
86%
The silver Stormtrooper.Captain Phasma
86%
Formerly known as FN-2187.Finn
86%
Owner of Takadona Palace.Maz Kanata
86%
The Resistance's 'best pilot'.Poe Dameron
86%
General of the First Order.General Hux
71%
Admiral of the Resistance.Admiral Ackbar
57%
General of the Resistance.General Leia
57%
Swaps Parts for portions.Unkar Plutt
29%

Score Distribution

Percentile by Number Answered

Percent of People with Each Score

Your Score History

You have not taken this quiz